| 000 | 01939nam a2200433 i 4500 | ||
|---|---|---|---|
| 001 | ebr10825436 | ||
| 003 | CaPaEBR | ||
| 006 | m o d | ||
| 007 | cr cn||||||||| | ||
| 008 | 030425t20042004paua ob 001 0 eng|d | ||
| 020 | _z0781735904 | ||
| 020 | _z9780781735902 | ||
| 040 |
_aCaPaEBR _beng _erda _epn _cCaPaEBR |
||
| 035 | _a(OCoLC)420612971 | ||
| 050 | 1 | 4 |
_aRD557.5 _b.S49 2004eb |
| 082 | 0 | 4 |
_a617.5/72059 _221 |
| 245 | 0 | 4 |
_aThe shoulder / _ceditor, Edward V. Craig ; illustrators, Elizabeth Dempsey, Joel Herring, Robert W. Williams. |
| 250 | _aSecond edition. | ||
| 264 | 1 |
_aPhiladelphia : _bLippincott Williams & Wilkins, _c[2004] |
|
| 264 | 4 | _c�2004 | |
| 300 |
_a1 online resource (688 pages) : _billustrations (some color). |
||
| 336 |
_atext _2rdacontent |
||
| 337 |
_acomputer _2rdamedia |
||
| 338 |
_aonline resource _2rdacarrier |
||
| 440 | 0 | _aMaster techniques in orthopaedic surgery | |
| 504 | _aIncludes bibliographical references and index. | ||
| 505 | 0 | _apart I. Arthroscopy -- part II. Instability -- part III. Rotator Cuff -- part IV. Trauma -- part V. Arthroplasty and arthroplasty alternatives. | |
| 588 | _aDescription based on print version record. | ||
| 590 | _aElectronic reproduction. Palo Alto, Calif. : ebrary, 2014. Available via World Wide Web. Access may be limited to ebrary affiliated libraries. | ||
| 650 | 0 |
_aShoulder _xSurgery. |
|
| 655 | 0 | _aElectronic books. | |
| 700 | 1 | _aCraig, Edward V. | |
| 700 | 1 | _aDempsey, Elizabeth. | |
| 700 | 1 | _aHerring, Joel. | |
| 700 | 1 | _aWilliams, Robert W. | |
| 776 | 0 | 8 |
_iPrint version: _tshoulder. _dPhiladelphia : Lippincott Williams & Wilkins, [2004] _hxvii, 670 pages ; 29 cm. _kMaster techniques in orthopaedic surgery _z9780781735902 _w(DNLM)101176643 _w(DLC) 2003050634 |
| 797 | 2 | _aebrary. | |
| 856 | 4 | 0 |
_uhttp://site.ebrary.com/lib/rucke/Doc?id=10825436 _zAn electronic book accessible through the World Wide Web; click to view |
| 999 |
_c189698 _d189698 |
||